| 000 | 00000nas 2200000za 4500 |
| 001 | 9.843810 |
| 003 | CaOODSP |
| 005 | 20221107152616 |
| 007 | cr ||||||||||| |
| 008 | 170915d19211923oncar p oss f0###a0eng|d |
| 040 | |aCaOODSP|beng |
| 043 | |an-cn--- |
| 086 | 1 |aCS53-201E-PDF |
| 245 | 00|aMotor vehicle regist[r]ations, licenses, revenues, fees, etc., and statistics of entries into Canada for touring purposes during ... .|h[electronic resource]. |
| 246 | 13|aMotor vehicle registrations, licenses, revenues, fees, etc., and statistics of entries into Canada for touring purposes during ...|f1922-1923 |
| 260 | |aOttawa : |bDominion of Canada, Department of Railways and Canals, Highways Branch, |c1922-1924. |
| 310 | |aAnnuel |
| 362 | 0 |a1921-1923. |
| 490 | 0 |aCircular |
| 500 | |aDigitized edition from print [produced by Statistics Canada]. |
| 500 | |aCover title. |
| 692 | 07|2gccst|aMotor vehicles |
| 692 | 07|2gccst|aPermits |
| 710 | 1 |aCanada. |bDominion Bureau of Statistics. |
| 710 | 1 |aCanada.|bDepartment of Railways and Canals. |
| 785 | 00|tThe highway, the motor vehicle and the tourist in Canada |w(CaOODSP)9.843811 |